[Event "Landesliga Nord 1920"]
[Site "Bayern"]
[Date "2020.02.09"]
[Round "6.3"]
[White "Tong, Kevin"]
[Black "Doeres, Hans Juergen"]
[Result "1/2-1/2"]
[WhiteElo "2167"]
[BlackElo "2134"]
[PlyCount "46"]
[EventDate "2019.09.29"]
[EventType "team-tourn"]
[EventRounds "9"]
[EventCountry "GER"]
[SourceTitle "EXT 2021"]
[Source "ChessBase"]
[SourceDate "2020.10.23"]
[SourceVersion "1"]
[SourceVersionDate "2020.10.23"]
[SourceQuality "1"]
[WhiteTeam "Erlangen SC II"]
[BlackTeam "Forchheim"]
[WhiteTeamCountry "GER"]
[BlackTeamCountry "GER"]

1. e4 c5 2. Nf3 e6 3. d4 cxd4 4. Nxd4 a6 5. c4 Nf6 6. Nc3 Bb4 7. Qd3 Nc6 8. Nxc6 dxc6 9. Qxd8+ Kxd8 10. e5 Bxc3+ 11. bxc3 Nd7 12. Bf4 b6 13. Kd2 Kc7 14. f3 Bb7 15. Kc2 c5 16. Bd3 Bc6 17. a4 a5 18. Rhe1 h6 19. Be4 Bxe4+ 20. Rxe4 Nf8 21. Rd1 Ng6 22. Bg3 Rad8 23. Re2 Rxd1 1/2-1/2

[Event "Arber op 7th"]
[Site "Bodenmais"]
[Date "2018.08.04"]
[Round "8"]
[White "Tong, Kevin"]
[Black "Witte, Ronald"]
[Result "0-1"]
[WhiteElo "2180"]
[BlackElo "2031"]
[PlyCount "100"]
[EventDate "2018.07.28"]
[EventType "swiss"]
[EventRounds "9"]
[EventCountry "GER"]
[SourceTitle "CBM 185 Extra"]
[Source "ChessBase"]
[SourceDate "2018.07.29"]
[SourceVersion "1"]
[SourceVersionDate "2018.07.29"]
[SourceQuality "1"]

1. e4 c5 2. Nf3 d6 3. d4 cxd4 4. Nxd4 Nf6 5. Nc3 a6 6. h3 e5 7. Nde2 Be6 8. g4 h6 9. Bg2 b5 10. 0-0 Nbd7 11. Ng3 Rc8 12. a4 b4 13. Nd5 Bxd5 14. exd5 a5 15. Be3 g6 16. Qd2 Bg7 17. Rac1 Nc5 18. b3 h5 19. g5 Nfd7 20. h4 0-0 21. Bh3 Rc7 22. Qe2 f5 23. gxf6 Bxf6 24. Kh1 Qe8 25. Bh6 Bg7 26. Bg5 Nf6 27. Rcd1 Kh7 28. Rg1 Bh6 29. Rd2 Rg7 30. Qc4 Bxg5 31. hxg5 Nfd7 32. Qf1 h4 33. Be6 Nxe6 34. dxe6 Qxe6 35. Ne2 Rgf7 36. Nc1 e4 37. Qg2 Rf3 38. Rgd1 Ne5 39. Rxd6 Rh3+ 40. Kg1 Qf5 41. R6d5 Rc3 42. Ne2 h3 43. Qf1 Qg4+ 44. Kh2 Nf3+ 45. Kh1 Rxc2 46. Rd7+ Kg8 47. Ng3 Nxg5 48. R1d6 Nf3 49. Qd1 Qxg3 50. Qd5+ Kh8 0-1

[Event "Arber op 7th"]
[Site "Bodenmais"]
[Date "2018.07.28"]
[Round "1"]
[White "Wacker, Andreas"]
[Black "Tong, Kevin"]
[Result "0-1"]
[WhiteElo "1824"]
[BlackElo "2180"]
[PlyCount "54"]
[EventDate "2018.07.28"]
[EventType "swiss"]
[EventRounds "9"]
[EventCountry "GER"]
[SourceTitle "CBM 185 Extra"]
[Source "ChessBase"]
[SourceDate "2018.07.29"]
[SourceVersion "1"]
[SourceVersionDate "2018.07.29"]
[SourceQuality "1"]

1. e4 e5 2. Nf3 Nc6 3. Bc4 Nf6 4. d3 Be7 5. 0-0 0-0 6. c3 d6 7. Re1 Na5 8. Bb3 Nxb3 9. Qxb3 b6 10. d4 Bb7 11. Nbd2 exd4 12. cxd4 Re8 13. Ng5 d5 14. e5 Nd7 15. Ndf3 Nf8 16. Nh3 Ne6 17. Nf4 Qd7 18. Qd3 c5 19. Nxe6 fxe6 20. Bd2 Rf8 21. Ng5 Rf5 22. Nh3 Raf8 23. g4 Rf3 24. Qe2 Rxh3 25. f4 Qa4 26. Kg2 Ba6 27. Qf2 Bh4 0-1

[Event "Bamberg op 1st"]
[Site "Bamberg"]
[Date "2018.05.12"]
[Round "5"]
[White "Popvasilev, Kalojan"]
[Black "Tong, Kevin"]
[Result "1/2-1/2"]
[WhiteElo "2050"]
[BlackElo "2158"]
[PlyCount "55"]
[EventDate "2018.05.09"]
[EventType "swiss"]
[EventRounds "7"]
[EventCountry "GER"]
[SourceTitle "CBM 184 Extra"]
[Source "ChessBase"]
[SourceDate "2018.06.28"]
[SourceVersion "1"]
[SourceVersionDate "2018.06.28"]
[SourceQuality "1"]

1. e4 e5 2. Nf3 Nc6 3. d4 exd4 4. Nxd4 Bc5 5. Nxc6 Qf6 6. Qf3 dxc6 7. Nc3 Be6 8. Be3 Bb4 9. Bd2 0-0-0 10. 0-0-0 Qg6 11. Qg3 Nf6 12. Bd3 Qxg3 13. hxg3 Ng4 14. Rhf1 Bc5 15. Be1 a6 16. Be2 h5 17. Rxd8+ Kxd8 18. a3 Kc8 19. Nd1 Rd8 20. f4 Ne3 21. Nxe3 Bxe3+ 22. Kb1 Bg4 23. Bxg4+ hxg4 24. Bc3 f6 25. e5 f5 26. b3 g6 27. Kb2 c5 28. Kb1 1/2-1/2

[Event "Bamberg op 1st"]
[Site "Bamberg"]
[Date "2018.05.11"]
[Round "4"]
[White "Tong, Kevin"]
[Black "Gegenfurtner, Juergen"]
[Result "1/2-1/2"]
[WhiteElo "2158"]
[BlackElo "2289"]
[PlyCount "142"]
[EventDate "2018.05.09"]
[EventType "swiss"]
[EventRounds "7"]
[EventCountry "GER"]
[SourceTitle "CBM 184 Extra"]
[Source "ChessBase"]
[SourceDate "2018.06.28"]
[SourceVersion "1"]
[SourceVersionDate "2018.06.28"]
[SourceQuality "1"]

1. e4 e5 2. Nf3 Nc6 3. Bc4 Bc5 4. c3 Nf6 5. d3 a6 6. 0-0 d6 7. Bb3 Bg4 8. Nbd2 Qe7 9. Re1 h6 10. Nf1 Ba7 11. a4 0-0 12. h3 Be6 13. Ng3 Bxb3 14. Qxb3 Qe6 15. Qd1 Ne7 16. Nh4 Kh7 17. Nhf5 Nxf5 18. Nxf5 Ng8 19. Ng3 Ne7 20. Be3 Bxe3 21. Rxe3 a5 22. d4 Ra6 23. Qc2 f6 24. b3 g6 25. Rb1 h5 26. f3 h4 27. Nf1 Kg7 28. Nd2 Rh8 29. Rf1 Rh5 30. Qd3 d5 31. Rfe1 Rg5 32. Kh1 Rd6 33. R3e2 Qd7 34. Qc2 exd4 35. cxd4 Nc6 36. Qb2 Re6 37. f4 Rg3 38. e5 fxe5 39. fxe5 Nb4 40. Qb1 b5 41. Rf1 bxa4 42. bxa4 Qxa4 43. Ref2 Qc2 44. Rf7+ Kh6 45. Qe1 Nd3 46. Qe2 a4 47. Rf8 Re7 48. Ra8 a3 49. Rff8 a2 50. Qf1 Qc1 51. Rxa2 Qxf1+ 52. Nxf1 Rg5 53. Ne3 c6 54. Ng4+ Kg7 55. Raa8 Rxg4 56. hxg4 Kh6 57. Rac8 c5 58. dxc5 Rxe5 59. Rf1 d4 60. c6 Rc5 61. c7 Kg5 62. Kg1 Rc2 63. Rd1 Nf4 64. Re8 Rxc7 65. Rxd4 Kxg4 66. Rd2 g5 67. Kh2 Rc3 68. Rg8 Rc5 69. Ra8 Rb5 70. Ra3 Rc5 71. Rb3 Re5 1/2-1/2

[Event "BL2-Ost 1718"]
[Site "Germany"]
[Date "2018.02.24"]
[Round "9.8"]
[White "Tong, Kevin"]
[Black "Biastoch, Bennet"]
[Result "1/2-1/2"]
[WhiteElo "2140"]
[BlackElo "2120"]
[PlyCount "120"]
[EventDate "2017.10.21"]
[EventType "team-tourn"]
[EventRounds "10"]
[EventCountry "GER"]
[SourceTitle "CBM 183 Extra"]
[Source "ChessBase"]
[SourceDate "2018.04.19"]
[SourceVersion "1"]
[SourceVersionDate "2018.04.19"]
[SourceQuality "1"]
[WhiteTeam "Erlangen"]
[BlackTeam "Magdeburg Aufbau Elbe"]
[WhiteTeamCountry "GER"]
[BlackTeamCountry "GER"]

1. e4 c5 2. Nf3 d6 3. d4 cxd4 4. Nxd4 Nf6 5. Nc3 a6 6. h3 e5 7. Nde2 h5 8. g3 Be7 9. Bg2 b5 10. a4 b4 11. Nd5 Nxd5 12. Qxd5 Ra7 13. Be3 Be6 14. Qd2 Rb7 15. 0-0 0-0 16. b3 Nd7 17. f4 Nf6 18. Kh2 a5 19. Bf3 Bd7 20. Qd3 Qc8 21. Bg2 Bc6 22. Rad1 Rd7 23. Qc4 Qb7 24. fxe5 dxe5 25. Bg5 Rfd8 26. Rxd7 Bxd7 27. Bxf6 Bxf6 28. Rd1 Rc8 29. Qd3 Be6 30. Qd2 Qc7 31. Rc1 Qe7 32. Rd1 Bg5 33. Qd3 Qc7 34. Qb5 Qxc2 35. Rd6 Bxb3 36. Qxe5 f6 37. Qf5 Re8 38. Nd4 Qb2 39. Nxb3 Qxb3 40. Qxa5 h4 41. Qd5+ Qxd5 42. Rxd5 hxg3+ 43. Kxg3 Rb8 44. Rb5 Rxb5 45. axb5 b3 46. Bf1 b2 47. Bd3 Be3 48. Kf3 Bb6 49. Kf4 Kf7 50. Kf5 g6+ 51. Kg4 Ke6 52. h4 Ke5 53. h5 gxh5+ 54. Kxh5 Kd4 55. Bb1 Kc4 56. Kg6 Bd8 57. b6 Bxb6 58. Kxf6 Bd4+ 59. Kf5 Kc3 60. e5 Bxe5 1/2-1/2

[Event "Pfalz op-A 9th"]
[Site "Neustadt an der Weinstrasse"]
[Date "2018.02.10"]
[Round "2"]
[White "Tong, Kevin"]
[Black "Noe, Christopher"]
[Result "0-1"]
[WhiteElo "2181"]
[BlackElo "2487"]
[PlyCount "138"]
[EventDate "2018.02.09"]
[EventType "swiss"]
[EventRounds "9"]
[EventCountry "GER"]
[SourceTitle "CBM 182 Extra"]
[Source "ChessBase"]
[SourceDate "2018.02.23"]
[SourceVersion "1"]
[SourceVersionDate "2018.02.23"]
[SourceQuality "1"]

1. e4 d5 2. exd5 Qxd5 3. Nc3 Qd8 4. d4 Nf6 5. Nf3 Bg4 6. h3 Bh5 7. g4 Bg6 8. Ne5 Nbd7 9. Nxg6 hxg6 10. Bg2 c6 11. 0-0 e6 12. Re1 Be7 13. Ne2 0-0 14. c3 Qc7 15. Bf4 Bd6 16. Bxd6 Qxd6 17. Qb3 Rab8 18. Rad1 Nd5 19. c4 N5f6 20. Qf3 Rbd8 21. Nc3 Qb4 22. b3 Rfe8 23. Re3 Nf8 24. g5 Nh5 25. h4 Qa5 26. Qg4 Qc7 27. Ne2 e5 28. d5 Ne6 29. Bf3 Nef4 30. Nc3 Kh8 31. Rde1 f5 32. gxf6 gxf6 33. Bh1 f5 34. Qg5 e4 35. Qh6+ Qh7 36. Qxh7+ Kxh7 37. Rd1 cxd5 38. Nxd5 Nxd5 39. cxd5 Nf4 40. d6 Re6 41. f3 Rexd6 42. Rxd6 Rxd6 43. fxe4 Rd1+ 44. Kh2 Rd2+ 45. Kg3 Ne2+ 46. Kf3 Nd4+ 47. Kf4 Rh2 48. Re1 Rxh4+ 49. Kg5 Rg4+ 50. Kf6 f4 51. Ke5 Nc6+ 52. Kd6 Rg3 53. e5 Rd3+ 54. Kc7 Re3 55. Rf1 g5 56. Kxb7 Nxe5 57. Kxa7 f3 58. b4 g4 59. b5 g3 60. Bxf3 Nxf3 61. b6 g2 62. Rc1 Re1 63. Rc7+ Kh6 64. Rc6+ Kg7 65. Rc7+ Kh6 66. Rc6+ Kh5 67. b7 g1Q+ 68. Ka8 Re5 69. Ra6 Re8+ 0-1

[Event "Bayernliga U20 1718"]
[Site "Bayern"]
[Date "2018.01.27"]
[Round "4.1"]
[White "Lichtmannecker, Daniel"]
[Black "Tong, Kevin"]
[Result "0-1"]
[WhiteElo "1887"]
[BlackElo "2117"]
[PlyCount "86"]
[EventDate "2017.11.18"]
[EventType "team-tourn"]
[EventRounds "7"]
[EventCountry "GER"]
[SourceTitle "EXT 2022"]
[Source "ChessBase"]
[SourceDate "2021.10.06"]
[SourceVersion "1"]
[SourceVersionDate "2021.10.06"]
[SourceQuality "1"]
[WhiteTeam "Ergolding FC U20"]
[BlackTeam "Erlangen SC U20"]
[WhiteTeamCountry "GER"]
[BlackTeamCountry "GER"]

1. d4 d5 2. Nf3 Nf6 3. e3 Bf5 4. c4 e6 5. Nc3 c6 6. Be2 h6 7. 0-0 Nbd7 8. b3 Bd6 9. Bb2 0-0 10. h3 Qe7 11. Bd3 Ne4 12. Qc2 Ndf6 13. Nd2 Nxd2 14. Qxd2 Ne4 15. Bxe4 dxe4 16. f3 exf3 17. Rxf3 Qg5 18. Qe1 Bg6 19. e4 Rfd8 20. Bc1 Qe7 21. Be3 Bb4 22. Bf2 Rd7 23. Rd1 Qd8 24. Rdd3 Qa5 25. Qe2 Rad8 26. g4 h5 27. a4 Be7 28. Rd1 Bf6 29. e5 Be7 30. Ne4 c5 31. Rfd3 hxg4 32. hxg4 cxd4 33. Bxd4 Rxd4 34. Rxd4 Rxd4 35. Rxd4 Qxe5 36. Qe3 f5 37. gxf5 exf5 38. Qd2 fxe4 39. Rd7 Bc5+ 40. Kf1 e3 41. Rd8+ Kh7 42. Qd7 e2+ 43. Ke1 Bf2+ 0-1

[Event "Bayern-chI Bank Hofmann 21st"]
[Site "Tegernsee"]
[Date "2017.10.29"]
[Round "2"]
[White "Meins, Gerlef"]
[Black "Tong, Kevin"]
[Result "1/2-1/2"]
[WhiteElo "2410"]
[BlackElo "2140"]
[PlyCount "81"]
[EventDate "2017.10.28"]
[EventType "swiss"]
[EventRounds "9"]
[EventCountry "GER"]
[SourceTitle "CBM 181 Extra"]
[Source "ChessBase"]
[SourceDate "2017.12.12"]
[SourceVersion "1"]
[SourceVersionDate "2017.12.12"]
[SourceQuality "1"]

1. Nf3 d5 2. c4 c6 3. e3 Nf6 4. Nc3 Bg4 5. Qb3 Qb6 6. Qxb6 axb6 7. cxd5 Nxd5 8. Nxd5 cxd5 9. Ne5 Be6 10. Bb5+ Kd8 11. f4 f6 12. Nf3 Bd7 13. Be2 Nc6 14. 0-0 e6 15. d3 Bd6 16. Bd2 Ke7 17. a3 Na5 18. Nd4 Bc5 19. Bb4 Bxb4 20. axb4 Nc6 21. Nxc6+ bxc6 22. d4 Kd6 23. Rfc1 Rhc8 24. Kf2 Be8 25. Ra3 Rxa3 26. bxa3 Ra8 27. Rc3 Bg6 28. g4 h6 29. h4 Be4 30. h5 b5 31. Bd1 Ra7 32. Ke1 Ra6 33. Kd2 Ra7 34. Kc1 Ra8 35. Kb2 Ra7 36. Be2 Ra8 37. Rc1 Ra7 38. Ra1 Ra8 39. Kc3 Kc7 40. Kd2 Kd6 41. Kc3 1/2-1/2

[Event "Bayern-ch"]
[Site "Rosenheim"]
[Date "2017.08.20"]
[Round "1"]
[White "Tong, Kevin"]
[Black "Gebhardt, Christian"]
[Result "1-0"]
[WhiteElo "2168"]
[BlackElo "1930"]
[PlyCount "67"]
[EventDate "2017.08.20"]
[EventType "swiss"]
[EventRounds "9"]
[EventCountry "GER"]
[SourceTitle "EXT 2019"]
[Source "ChessBase"]
[SourceDate "2018.10.10"]
[SourceVersion "1"]
[SourceVersionDate "2018.10.10"]
[SourceQuality "1"]

1. e4 e6 2. d4 d5 3. Nc3 Bb4 4. exd5 exd5 5. Bd3 c5 6. a3 Bxc3+ 7. bxc3 c4 8. Be2 Nf6 9. Bf3 0-0 10. Ne2 Bg4 11. Bxg4 Nxg4 12. 0-0 Qa5 13. Ng3 Nf6 14. Qf3 Re8 15. Bf4 Nbd7 16. h4 Ne4 17. Nxe4 Rxe4 18. h5 Kh8 19. h6 Rg8 20. hxg7+ Rxg7 21. Bh6 Rg6 22. Qxf7 Qd8 23. Qxd5 Qh4 24. Qxd7 Rxh6 25. Qh3 Qg5 26. Qc8+ Kg7 27. Qxb7+ Re7 28. Qf3 Rg6 29. Rab1 Rf7 30. Rb7 Qxg2+ 31. Qxg2 Rxb7 32. Re1 Rb2 33. Re7+ Kh6 34. Re6 1-0

[Event "GER-ch U14"]
[Site "Willingen"]
[Date "2017.06.10"]
[Round "9"]
[White "Tong, Kevin"]
[Black "Suvorov, Luca"]
[Result "1/2-1/2"]
[WhiteElo "2089"]
[BlackElo "2081"]
[PlyCount "100"]
[EventDate "2017.06.04"]
[EventType "swiss"]
[EventRounds "9"]
[EventCountry "GER"]
[SourceTitle "CBM 178 Extra"]
[Source "ChessBase"]
[SourceDate "2017.06.22"]
[SourceVersion "1"]
[SourceVersionDate "2017.06.22"]
[SourceQuality "1"]

1. e4 c6 2. d4 d5 3. e5 Bf5 4. Nf3 e6 5. Be2 c5 6. Be3 cxd4 7. Nxd4 Ne7 8. c4 Nbc6 9. 0-0 Nxd4 10. Qxd4 Nc6 11. Qf4 d4 12. Rd1 Bc5 13. Bf3 Qb6 14. Bxc6+ bxc6 15. Bc1 Bc2 16. Re1 d3 17. Nc3 Rd8 18. Ne4 Be7 19. b3 a5 20. Be3 c5 21. Nc3 0-0 22. Bd2 f6 23. Ne4 a4 24. bxa4 f5 25. a5 Qa6 26. Nd6 Bxd6 27. exd6 Qxd6 28. Qe5 Kf7 29. Kf1 Qxe5 30. Rxe5 Rc8 31. Be3 Rfd8 32. Ke1 Kf6 33. f4 g5 34. g3 gxf4 35. gxf4 Rg8 36. Kf2 Rgd8 37. Ke1 Rg8 38. Kf2 Rcd8 39. Bd2 Rd4 40. Rxc5 Re4 41. Re1 Rxe1 42. Bxe1 Rg4 43. Bd2 Rh4 44. Kg2 Rg4+ 45. Kf1 Bd1 46. a6 Bf3 47. a7 Rg2 48. Bc3+ Kg6 49. Ra5 d2 50. Bxd2 Rxd2 1/2-1/2

[Event "GER-ch U14"]
[Site "Willingen"]
[Date "2017.06.06"]
[Round "5"]
[White "Svane, Frederik"]
[Black "Tong, Kevin"]
[Result "1/2-1/2"]
[WhiteElo "2159"]
[BlackElo "2089"]
[PlyCount "89"]
[EventDate "2017.06.04"]
[EventType "swiss"]
[EventRounds "9"]
[EventCountry "GER"]
[SourceTitle "CBM 178 Extra"]
[Source "ChessBase"]
[SourceDate "2017.06.22"]
[SourceVersion "1"]
[SourceVersionDate "2017.06.22"]
[SourceQuality "1"]

1. e4 e5 2. Nf3 Nc6 3. Bb5 a6 4. Ba4 Nf6 5. d3 d6 6. 0-0 g6 7. Nc3 Bg7 8. d4 exd4 9. Nxd4 Bd7 10. Nxc6 Bxc6 11. Bxc6+ bxc6 12. Qf3 Nd7 13. b3 0-0 14. Bb2 Re8 15. Rad1 Qh4 16. Rfe1 Ne5 17. Qg3 Qxg3 18. hxg3 Nd7 19. Na4 Re7 20. f3 Rae8 21. Bxg7 Kxg7 22. Kf2 h5 23. c4 Re5 24. Nc3 Nc5 25. Ne2 Ne6 26. Nf4 Nc5 27. Re2 a5 28. Red2 R5e7 29. Ne2 Ne6 30. Rc1 Ra8 31. Nc3 Nc5 32. Rcc2 Rb8 33. Rb2 Ree8 34. Kf1 Kf6 35. Ke2 Kg7 36. Kd1 Rb6 37. Ne2 Ne6 38. Nf4 Nc5 39. Nd3 Nxd3 40. Rxd3 c5 41. a4 Rbb8 42. Rbd2 Re5 43. Kc2 Rbe8 44. Rd5 f6 45. Kc3 1/2-1/2

[Event "Mittelfranken-ch HT 66th"]
[Site "Uttenreuth"]
[Date "2017.04.12"]
[Round "3"]
[White "Bauer, Karlheinz"]
[Black "Tong, Kevin"]
[Result "0-1"]
[WhiteElo "2230"]
[BlackElo "2046"]
[PlyCount "112"]
[EventDate "2017.04.11"]
[EventType "swiss"]
[EventRounds "9"]
[EventCountry "GER"]
[SourceTitle "EXT 2020"]
[Source "ChessBase"]
[SourceDate "2019.10.17"]
[SourceVersion "1"]
[SourceVersionDate "2019.10.17"]
[SourceQuality "1"]

1. e4 e5 2. Nf3 Nc6 3. d4 exd4 4. c3 Nf6 5. e5 Nd5 6. Bc4 Nb6 7. Bb3 d5 8. cxd4 Bg4 9. Be3 Nc4 10. Nbd2 Bb4 11. Bxc4 dxc4 12. 0-0 Bxd2 13. Qxd2 Bxf3 14. gxf3 Qd5 15. f4 0-0-0 16. Rad1 f6 17. f3 Ne7 18. Qc2 g6 19. Qe4 Nf5 20. Bf2 c6 21. Rfe1 fxe5 22. fxe5 Rhe8 23. Kg2 Re6 24. f4 Kb8 25. Kf3 Qa5 26. a3 Qb5 27. Qe2 Qd5+ 28. Qe4 Qb5 29. Qe2 Rf8 30. Kg2 Qd5+ 31. Qe4 Ng7 32. Qxd5 cxd5 33. Bg3 Nf5 34. Bf2 Ng7 35. Bg3 Kc7 36. Rf1 Kd7 37. Bh4 Nf5 38. Bf2 Rb6 39. Rd2 Ke6 40. Rc1 Ng7 41. Bg3 Rc8 42. Rc3 Rb5 43. Be1 Nf5 44. Bf2 Rc6 45. Re2 Rcb6 46. Rcc2 Rb3 47. Bg1 Rd3 48. Rcd2 Rbb3 49. Kf1 Rxd2 50. Rxd2 Rf3+ 51. Rf2 Rd3 52. Re2 Nxd4 53. Bxd4 Rxd4 54. Rf2 Re4 55. Kg2 Kf5 56. Kf1 d4 0-1

[Event "Mittelfranken-ch HT 66th"]
[Site "Uttenreuth"]
[Date "2017.04.11"]
[Round "1"]
[White "Link, Andreas"]
[Black "Tong, Kevin"]
[Result "1/2-1/2"]
[WhiteElo "2015"]
[BlackElo "2046"]
[PlyCount "71"]
[EventDate "2017.04.11"]
[EventType "swiss"]
[EventRounds "9"]
[EventCountry "GER"]
[SourceTitle "EXT 2020"]
[Source "ChessBase"]
[SourceDate "2019.10.17"]
[SourceVersion "1"]
[SourceVersionDate "2019.10.17"]
[SourceQuality "1"]

1. e4 e5 2. Nf3 Nc6 3. Bb5 a6 4. Ba4 Nf6 5. 0-0 Be7 6. Qe2 d6 7. Bxc6+ bxc6 8. d4 exd4 9. Nxd4 Bd7 10. Nc3 0-0 11. Bg5 Re8 12. Rfe1 Nd5 13. exd5 Bxg5 14. Qd3 c5 15. Nc6 Qf6 16. Rxe8+ Bxe8 17. Re1 Bd7 18. Ne4 Qh6 19. g3 Re8 20. Re2 Kf8 21. Nxg5 Qxg5 22. Rxe8+ Bxe8 23. Qxh7 Bxc6 24. dxc6 Qc1+ 25. Kg2 Qxb2 26. Qh8+ Ke7 27. Qc8 Qb6 28. Qd7+ Kf6 29. h4 g6 30. c4 Kg7 31. g4 Qb8 32. g5 a5 33. a4 Kg8 34. Kg3 Qb3+ 35. f3 Qe3 36. Qd8+ 1/2-1/2

[Event "Bayernliga U20 1617"]
[Site "Bayern"]
[Date "2017.03.11"]
[Round "7.2"]
[White "Tong, Kevin"]
[Black "Gabler, Eric"]
[Result "1-0"]
[WhiteElo "2138"]
[BlackElo "2091"]
[PlyCount "57"]
[EventDate "2016.11.12"]
[EventType "team-tourn"]
[EventRounds "7"]
[EventCountry "GER"]
[SourceTitle "EXT 2022"]
[Source "ChessBase"]
[SourceDate "2021.10.06"]
[SourceVersion "1"]
[SourceVersionDate "2021.10.06"]
[SourceQuality "1"]
[WhiteTeam "Erlangen SC U20"]
[BlackTeam "Regensburg Bavaria"]
[WhiteTeamCountry "GER"]
[BlackTeamCountry "GER"]

1. e4 c5 2. Nf3 Nc6 3. d4 cxd4 4. Nxd4 Nf6 5. Nc3 e5 6. Ndb5 d6 7. Bg5 a6 8. Na3 b5 9. Bxf6 gxf6 10. Nd5 f5 11. Bd3 Be6 12. 0-0 Bg7 13. Qh5 0-0 14. exf5 Bxd5 15. f6 h6 16. Qf5 e4 17. fxg7 Ne7 18. gxf8Q+ Kxf8 19. Qf6 exd3 20. Qxh6+ Kg8 21. Qg5+ Kf8 22. cxd3 Be6 23. Rfe1 Qd7 24. Nc2 Ng6 25. Nd4 Re8 26. Qh6+ Kg8 27. Rac1 Bd5 28. Rxe8+ Qxe8 29. Nf5 1-0

[Event "Regionalliga NO 1617"]
[Site "Bayern"]
[Date "2017.02.05"]
[Round "5.3"]
[White "Stoeckl, Stephan"]
[Black "Tong, Kevin"]
[Result "1/2-1/2"]
[WhiteElo "2028"]
[BlackElo "2067"]
[PlyCount "65"]
[EventDate "2016.10.16"]
[EventType "team-tourn"]
[EventRounds "9"]
[EventCountry "GER"]
[SourceTitle "EXT 2019"]
[Source "ChessBase"]
[SourceDate "2018.10.10"]
[SourceVersion "1"]
[SourceVersionDate "2018.10.10"]
[SourceQuality "1"]
[WhiteTeam "Schwandorf"]
[BlackTeam "Erlangen SC II"]
[WhiteTeamCountry "GER"]
[BlackTeamCountry "GER"]

1. Nf3 d5 2. g3 Nf6 3. Bg2 c6 4. b3 Bg4 5. 0-0 e6 6. Bb2 Nbd7 7. c4 Bd6 8. d3 0-0 9. Qc2 Re8 10. Nbd2 Qa5 11. a3 c5 12. b4 Qd8 13. Rab1 Rc8 14. e4 dxe4 15. dxe4 e5 16. b5 Qe7 17. Rfe1 Nf8 18. Nf1 Bxf3 19. Bxf3 Ne6 20. Ne3 Nd4 21. Qd1 Rcd8 22. Nd5 Qe6 23. Bg2 Bb8 24. Bc1 h6 25. Be3 b6 26. a4 Nxd5 27. exd5 Qg6 28. Bxd4 exd4 29. Qd2 Bd6 30. Rxe8+ Rxe8 31. Re1 Rxe1+ 32. Qxe1 Kf8 33. Qe4 1/2-1/2

[Event "GER-chT U20"]
[Site "Borken"]
[Date "2016.12.28"]
[Round "3.2"]
[White "Stemmler, Fabian"]
[Black "Tong, Kevin"]
[Result "1/2-1/2"]
[WhiteElo "2004"]
[BlackElo "2061"]
[PlyCount "73"]
[EventDate "2016.12.27"]
[EventType "team-swiss"]
[EventRounds "7"]
[EventCountry "GER"]
[SourceTitle "EXT 2018"]
[Source "ChessBase"]
[SourceDate "2017.10.13"]
[SourceVersion "1"]
[SourceVersionDate "2017.10.13"]
[SourceQuality "1"]
[WhiteTeam "Brackel"]
[BlackTeam "Erlangen"]
[WhiteTeamCountry "GER"]
[BlackTeamCountry "GER"]

1. d4 d5 2. Bf4 Nf6 3. e3 c6 4. Nf3 Bf5 5. c4 e6 6. Nc3 Nbd7 7. Be2 h6 8. h3 Be7 9. Qb3 Qb6 10. c5 Qxb3 11. axb3 0-0 12. b4 a6 13. 0-0 Ne4 14. Nxe4 Bxe4 15. Nd2 Bg6 16. Nb3 Bf6 17. Bd6 Rfe8 18. f4 Nf8 19. Na5 Ra7 20. Ra3 Be4 21. Rfa1 Ng6 22. Nb3 Nh4 23. g4 Nf3+ 24. Bxf3 Bxf3 25. Kf2 Be4 26. Kg3 Be7 27. Bxe7 Rxe7 28. Ra5 Bd3 29. Nc1 Bc4 30. b3 Bb5 31. Na2 Ra8 32. Nc3 Rc8 33. Nxb5 cxb5 34. R5a2 f6 35. Rc1 Rc6 36. Re1 f5 37. Rae2 1/2-1/2

[Event "GER-chT U20"]
[Site "Borken"]
[Date "2016.12.27"]
[Round "1.2"]
[White "Beeck, Mats"]
[Black "Tong, Kevin"]
[Result "0-1"]
[WhiteElo "2148"]
[BlackElo "2061"]
[PlyCount "92"]
[EventDate "2016.12.27"]
[EventType "team-swiss"]
[EventRounds "7"]
[EventCountry "GER"]
[SourceTitle "EXT 2018"]
[Source "ChessBase"]
[SourceDate "2017.10.13"]
[SourceVersion "1"]
[SourceVersionDate "2017.10.13"]
[SourceQuality "1"]
[WhiteTeam "Kiel Doppelbauer"]
[BlackTeam "Erlangen"]
[WhiteTeamCountry "GER"]
[BlackTeamCountry "GER"]

1. e4 e5 2. f4 exf4 3. Bc4 Nc6 4. Nf3 g5 5. Nc3 h6 6. g3 g4 7. Nh4 f3 8. d4 d6 9. Be3 Bg7 10. Qd2 Nf6 11. 0-0-0 Bd7 12. Rhe1 Ng8 13. Nf5 Bxf5 14. exf5 Kf8 15. Nd5 Nf6 16. h3 a5 17. Nxf6 Qxf6 18. hxg4 Rb8 19. Kb1 Nb4 20. Rf1 b5 21. Bd3 Nd5 22. Bg1 b4 23. Rde1 a4 24. Be4 Nc3+ 25. Ka1 Nb5 26. Qxb4 a3 27. Bc6 axb2+ 28. Kb1 Kg8 29. Bxb5 c6 30. a4 Kh7 31. Rxf3 cxb5 32. axb5 Rhc8 33. Be3 d5 34. Rh1 Rc4 35. Qb3 Ra8 36. g5 Qd6 37. f6 Ra1+ 38. Kxb2 Rxh1 39. Qd3+ Kg8 40. fxg7 Rb4+ 41. Kc3 Rc4+ 42. Kd2 Qb4+ 43. c3 Qa4 44. Qc2 Qa1 45. Bf2 Ra4 46. g6 f6 0-1

[Event "GER-chT Lands U20"]
[Site "Hannover"]
[Date "2016.10.02"]
[Round "3.5"]
[White "Krastev, Alexander"]
[Black "Tong, Kevin"]
[Result "1-0"]
[WhiteElo "1889"]
[BlackElo "1979"]
[PlyCount "133"]
[EventDate "2016.10.01"]
[EventType "team-swiss"]
[EventRounds "7"]
[EventCountry "GER"]
[SourceTitle "CBM 174 Extra"]
[Source "ChessBase"]
[SourceDate "2016.10.10"]
[SourceVersion "1"]
[SourceVersionDate "2016.10.10"]
[SourceQuality "1"]
[WhiteTeam "Hessen"]
[BlackTeam "Bayern"]
[WhiteTeamCountry "GER"]
[BlackTeamCountry "GER"]

1. e4 e5 2. Nc3 Nc6 3. Bc4 Nf6 4. d3 Na5 5. Nge2 Bc5 6. 0-0 0-0 7. a3 Nxc4 8. dxc4 a5 9. Qd3 Qe7 10. Ng3 d6 11. Bg5 Qe6 12. Nf5 Kh8 13. b4 Ba7 14. Nb5 Bb8 15. f3 Bd7 16. Nc3 Ba7+ 17. Kh1 Bc6 18. Nd5 Ne8 19. Bd2 g6 20. Nfe3 axb4 21. axb4 Bxd5 22. cxd5 Qd7 23. Ra3 f5 24. Rfa1 fxe4 25. fxe4 Bxe3 26. Rxa8 Bxd2 27. Qxd2 Qb5 28. Qd3 Qxb4 29. Rf1 Kg7 30. Rxf8 Kxf8 31. h3 Ke7 32. Ra1 b6 33. Rf1 Qa4 34. c3 Kd8 35. Rf7 h5 36. Qe3 Kc8 37. Kh2 Kb7 38. Qf3 Qc2 39. Re7 Qa4 40. Qf7 Qxe4 41. Rxe8 h4 42. Re7 Qc4 43. Qf3 g5 44. Rg7 e4 45. Qe3 Qxd5 46. Rxg5 Qe6 47. Rg4 Qe5+ 48. Kg1 Qb5 49. Qxe4+ d5 50. Qb4 Qe2 51. Rxh4 Qe3+ 52. Kf1 Qd3+ 53. Kf2 Qd2+ 54. Kf3 Qd3+ 55. Kg4 Qg6+ 56. Kf3 Qd3+ 57. Kf2 Qd2+ 58. Kg1 Qe3+ 59. Kh2 Qe5+ 60. Qf4 Qxc3 61. Rg4 b5 62. h4 Ka6 63. h5 Ka5 64. h6 b4 65. h7 b3 66. Qa4+ Kb6 67. Qb4+ 1-0